000 00734cam a22002653a 4500
001 13083
003 PGUSA
005 20140828083301.0
008 040802s2004||||xxu|||||s|||||000 d eng d
040 _aPGUSA
_beng
042 _adc
050 4 _aPG
100 1 _aČapek, Karel,
_d1890-1938
245 1 0 _aR.U.R.
_h[electronic resource] /
_cKarel Čapek
260 _bProject Gutenberg,
_c2004
506 _aPublic domain in the USA.
516 _aElectronic text
653 _aRobots -- Drama
653 _aScience fiction plays
653 _aCzech drama -- 20th century
740 0 _aRossumovi univerzální roboti
830 0 _aProject Gutenberg
_v13083
856 4 0 _uhttp://www.gutenberg.org/ebooks/13083
942 _cEB
999 _c242338
_d242338